Peruvian Cities - Sudden Death - Statistics

General Stats
  • This quiz has been taken 27 times
  • The average score is 10 of 16
Answers on the Grid
Answers color-coded by a green-red scale on the quiz's grid according to % correct below.
Lima
Callao
Cuzco
Arequipa
Ayacucho
Piura
Iquitos
Huancayo
Puno
Nazca
Ica
Cajamarca
Ollantaytambo
Juliaca
Chimbote
Cuenca
Latacunga
Pasto
San Salvador
Punta Cana
Acapulco
Mazatlán
San Francisco
Malagá
Malabo
Paramaribo
Oruro
Uyuni
Formosa
Copiapó
La Rioja
Huaraz
 
Answer Stats
Answer % Correct
Ayacucho
82%
Arequipa
76%
Lima
76%
Huancayo
71%
Cuzco
65%
Ica
65%
Cajamarca
59%
Callao
59%
Nazca
59%
Piura
59%
Chimbote
53%
Iquitos
53%
Ollantaytambo
53%
Huaraz
47%
Puno
47%
Juliaca
35%
No matching quizzes found
Score Distribution
Percent of People with Each Score
Percentile by Number Answered
Your Score History
You have not taken this quiz